Bác Hồ trên đất nước Lê Nin

Ghi lại những câu chuyện về hoạt động cách mạng của chủ tịch Hồ Chí Minh từ mùa hè 1923 đến mùa thu 1938; thời gian hoạt động ở Liên Xô

Gorde:
Xehetasun bibliografikoak
Egile nagusia: Hồng H
Formatua: Liburua
Hizkuntza:Vietnamese
Argitaratua: H. Thanh niên 1980
Gaiak:
Etiketak: Etiketa erantsi
Etiketarik gabe, Izan zaitez lehena erregistro honi etiketa jartzen!
Thư viện lưu trữ: Mạng thư viện Đại học Đà Nẵng
LEADER 01252nam a22003498a 4500
001 000007554
003 3717
005 20120525090522.0
008 111006s1980 b 000 0 vieod
020 |c 10500đ  |d 20200b 
041 0 |a vie 
082 |a 895.9228  |b HÔ-H 
084 |a A370  |b B101H 
100 1 |a Hồng Hà 
245 1 0 |a Bác Hồ trên đất nước Lê Nin  |c Hồng Hà 
260 |a H.  |b Thanh niên  |c 1980 
300 |a 326tr : minh hoạ  |c 20cm 
520 |a Ghi lại những câu chuyện về hoạt động cách mạng của chủ tịch Hồ Chí Minh từ mùa hè 1923 đến mùa thu 1938; thời gian hoạt động ở Liên Xô 
653 |a Tiểu sử 
653 |a Hồ Chí Minh 
653 |a Liên Xô 
910 |a Nguyễn Thị Kim Oanh  |d 06/10/2011 
OWN |a LSP 
AVA |a UDN50  |b LSP  |d 895.9228 HÔ-H  |e available  |t Error 5001 Not defined in file expand_doc_bib_avail.  |f 5  |g 3  |h N  |i 0  |k 1 
999 |a From the UDN01 
AVA |a UDN50  |b LSP  |d 895.9228 HÔ-H  |e available  |t Error 5001 Not defined in file expand_doc_bib_avail.  |f 5  |g 3  |h N  |i 0  |k 1 
TYP |a Monograph 
TYP |a Printed language 
980 |a Mạng thư viện Đại học Đà Nẵng